Essential business process modeling / (Record no. 9420)
[ view plain ]
| 000 -LEADER | |
|---|---|
| fixed length control field | 00811nac a22002291u 4500 |
| 010 ## - LIBRARY OF CONGRESS CONTROL NUMBER | |
| LC control number | 2006274943 |
| 020 ## - INTERNATIONAL STANDARD BOOK NUMBER | |
| International Standard Book Number | 0596008430 |
| 035 ## - SYSTEM CONTROL NUMBER | |
| System control number | (OCoLC)ocm61343931 |
| 082 ## - DEWEY DECIMAL CLASSIFICATION NUMBER | |
| Classification number | 658.5 |
| Item number | HAV |
| 090 ## - LOCALLY ASSIGNED LC-TYPE CALL NUMBER (OCLC); LOCAL CALL NUMBER (OCLC) | |
| -- | 9420 |
| -- | 9420 |
| 100 ## - MAIN ENTRY--PERSONAL NAME | |
| Personal name | Havey, Michael. |
| 245 10 - TITLE STATEMENT | |
| Title | Essential business process modeling / |
| Statement of responsibility, etc | Michael Havey. |
| 260 ## - PUBLICATION, DISTRIBUTION, ETC. (IMPRINT) | |
| Place of publication, distribution, etc | Sebastopol, CA : |
| Name of publisher, distributor, etc | O'Reilly,2005 |
| Date of publication, distribution, etc | c2005. |
| 300 ## - PHYSICAL DESCRIPTION | |
| Extent | xv, 332 p. : |
| Other physical details | ill. ; |
| Dimensions | 23 cm. |
| 500 ## - GENERAL NOTE | |
| General note | "Theory in practice."--Cover. |
| 500 ## - GENERAL NOTE | |
| General note | distributer: Baccah |
| 504 ## - BIBLIOGRAPHY, ETC. NOTE | |
| Bibliography, etc | Includes bibliographical references and index. |
| 511 ## - PARTICIPANT OR PERFORMER NOTE | |
| Participant or performer note | catalogued by: wessam |
| 650 #0 - SUBJECT ADDED ENTRY--TOPICAL TERM | |
| Topical term or geographic name as entry element | Management information systems. |
| 856 42 - ELECTRONIC LOCATION AND ACCESS | |
| Materials specified | Publisher description |
| Uniform Resource Identifier | <a href="http://www.loc.gov/catdir/enhancements/fy0715/2006274943-d.html">http://www.loc.gov/catdir/enhancements/fy0715/2006274943-d.html</a> |
| 942 ## - ADDED ENTRY ELEMENTS (KOHA) | |
| Item type | NB - Book (Non borrowing) |
| Call number prefix | 658.5HAV |
| Withdrawn status | Item status | Damaged status | Not for loan | Home library | Current library | Shelving location | Date acquired | Source of acquisition | Total Checkouts | Full call number | Barcode | Date last seen | Koha item type | Total Renewals | Date last borrowed | Cost, replacement price | Checked out |
|---|---|---|---|---|---|---|---|---|---|---|---|---|---|---|---|---|---|
| Central Library | Central Library | First floor | 08/05/2011 | Purchase | 658.5HAV | 000011478 | 15/07/2025 | NB - Book (Non borrowing) | |||||||||
| Central Library | Central Library | First floor | 08/05/2011 | Purchase | 3 | 658.5HAV | 000011477 | 15/07/2025 | 1 | 01/02/2012 | 160.00 | ||||||
| Central Library | Central Library | First floor | 08/05/2011 | Purchase | 2 | 658.5HAV | 000011476 | 10/02/2010 | 1 | 10/02/2010 | 160.00 | 25/02/2010 |